000 00593nam a2200169Ia 4500
003 GCL
008 140319s9999 xx 000 0 ara d
040 _aGCL /
_cGCL
082 0 4 _a808.82
_bب م
100 1 _aبيكيت، صمويل
245 1 0 _aمسرح العبث (هدية من الاديب عبدالفتاح الجمل) /
_cبيكيت، صمويل
700 1 _aفايز اسكندر (مترجم)
490 _aمسرحيات عالمية
_v0
650 0 4 _aالادب العالمى المترجم
650 0 4 _aالمسرحيات العالمية المترجمة
942 _2ddc
_cBK
999 _c47054
_d47054